[Event "ROM-ch U14"]
[Site "Calimanesti Caciulata"]
[Date "2016.04.22"]
[Round "6"]
[White "Nita, Andrei"]
[Black "Tapu, Rares Gabriel"]
[Result "0-1"]
[WhiteElo "1335"]
[BlackElo "1184"]
[PlyCount "84"]
[EventDate "2016.04.18"]
[EventType "swiss"]
[EventRounds "9"]
[EventCountry "ROU"]
[SourceTitle "CBM 172 Extra"]
[Source "ChessBase"]
[SourceDate "2016.06.21"]
[SourceVersion "1"]
[SourceVersionDate "2016.06.21"]
[SourceQuality "1"]

1. e4 c5 2. Nf3 Nc6 3. d4 cxd4 4. Nxd4 g6 5. Nc3 Bg7 6. Be3 Nf6 7. f3 0-0 8. Qd2 d6 9. Nxc6 bxc6 10. g4 Qa5 11. h4 Be6 12. h5 gxh5 13. gxh5 Nxh5 14. Rg1 Kh8 15. Bd4 Bxd4 16. Qxd4+ Qe5 17. Qd2 Qf4 18. Qd4+ f6 19. Qd3 Rg8 20. Bg2 Qg3+ 21. Kd2 Qf2+ 22. Ne2 Rxg2 23. Raf1 Qxe2+ 24. Qxe2 Rxe2+ 25. Kxe2 Bc4+ 26. Kf2 Bxf1 27. Rxf1 Rg8 28. Re1 Nf4 29. Rc1 h5 30. Ke3 Ne6 31. Rh1 Ng7 32. Kd4 Rb8 33. b3 Rb4+ 34. Kc3 Rb5 35. a3 Rg5 36. f4 Rg4 37. e5 fxe5 38. fxe5 dxe5 39. Rd1 h4 40. Rd7 h3 41. Rxe7 h2 42. Rxa7 h1Q 0-1

[Event "ROM-ch U12"]
[Site "Calimanesti"]
[Date "2015.04.03"]
[Round "6"]
[White "Juravle, Stefan"]
[Black "Nita, Andrei"]
[Result "1/2-1/2"]
[WhiteElo "1182"]
[BlackElo "1340"]
[PlyCount "57"]
[EventDate "2015.03.30"]
[EventType "swiss"]
[EventRounds "9"]
[EventCountry "ROU"]
[SourceTitle "CBM 165 Extra"]
[Source "ChessBase"]
[SourceDate "2015.04.21"]
[SourceVersion "1"]
[SourceVersionDate "2015.04.21"]
[SourceQuality "1"]

1. b3 e5 2. Bb2 Nc6 3. e3 d5 4. d3 Nf6 5. Nd2 Be6 6. Qe2 Bd6 7. 0-0-0 Qe7 8. Nb1 a5 9. f3 a4 10. g4 axb3 11. axb3 Ba3 12. Bxa3 Rxa3 13. Nxa3 Qxa3+ 14. Kd2 0-0 15. g5 Qa5+ 16. c3 Qa2+ 17. Ke1 Qxe2+ 18. Bxe2 Nd7 19. d4 exd4 20. exd4 Ra8 21. c4 Ra3 22. cxd5 Bxd5 23. Bc4 Bxc4 24. bxc4 f6 25. gxf6 Nxf6 26. h4 Nh5 27. Rh2 Nf4 28. Rhd2 Nb4 29. Ne2 1/2-1/2